000 00627nam a2200241Ia 4500
003 OSt
005 20221006143319.0
006 a|||||r|||| 00| 0
007 ta
008 221006b |||||||| |||| 00| 0 eng d
020 _a9283320034
_c170.50
024 _a8,633
037 _cTextual
040 _aEASL
_cEASL
_beng
041 _2eng
_aeng
082 _aX8(J)p42.N81, M3
245 0 _aFarm mechanization in Asia
260 _aTokyo
_bAsian Productivity Organization Japan
_c1983
300 _a510p.
_ccm.
490 _v JEL
942 _hX8(J)p42.N81, M3
_cTEXL
_2CC
999 _c1076719
_d1076719